000 00712nam a2200205 i 4500
001 81257
003 ES-MaACL
005 20250708063322.0
007 t|
008 041103s1965 mx ||||1| spa d
100 1 _aHume, David,
_d1711-1776
_964719
245 1 0 _aEnsayos políticos de David Hume /
_ccompilación e introducción por Charles W. Hendel ; [traducción al español de Francisco González Aramburu].
250 _a[1ª ed.].
260 _aMéxico :
_bHerrero Hermanos,
_c[1965]
300 _aLXXV, 193 p. ;
_c22 cm.
700 1 _aHendel, Charles William.
_962511
700 1 _aGonzález Aramburo, Francisco.
_958429
852 _aES-MaACL
_jC-28881
_bR.58269
999 _c81257
_d81257